Advances in hydroscience

में बचाया:
ग्रंथसूची विवरण
मुख्य लेखक: Ven Te Chou
स्वरूप: पुस्तक
भाषा:Undetermined
प्रकाशित: New York Academic 1966
विषय:
टैग : टैग जोड़ें
कोई टैग नहीं, इस रिकॉर्ड को टैग करने वाले पहले व्यक्ति बनें!
Thư viện lưu trữ: Trung tâm Học liệu Trường Đại học Cần Thơ
LEADER 00459nam a2200181Ia 4500
001 CTU_20048
008 210402s9999 xx 000 0 und d
082 |a 532 
082 |b C552 
100 |a Ven Te Chou 
245 0 |a Advances in hydroscience 
245 0 |c Ven Te Chou 
260 |a New York 
260 |b Academic 
260 |c 1966 
650 |a hydroscience,physics 
904 |i Minh, 971208 
980 |a Trung tâm Học liệu Trường Đại học Cần Thơ